header

Protection against genocide (Record no. 29334)

MARC details
000 -LEADER
fixed length control field 01168nam a2200301 a 4500
082 04 - DEWEY DECIMAL CLASSIFICATION NUMBER
Classification number 341.7/78
245 00 - TITLE STATEMENT
Title Protection against genocide
260 ## - PUBLICATION, DISTRIBUTION, ETC. (IMPRINT)
Place of publication Westport, Conn. :
Name of publisher Praeger,
Year of publication 2000.
300 ## - PHYSICAL DESCRIPTION
Number of Pages xii, 193 p.
650 #0 - SUBJECT ADDED ENTRY--TOPICAL TERM
Topical Term Genocide.
700 1# - ADDED ENTRY--PERSONAL NAME
Personal name Riemer, Neal,
856 40 - ELECTRONIC LOCATION AND ACCESS
Uniform Resource Identifier http://site.ebrary.com/lib/rucke/Doc?id=10017978

No items available.

© 2026 Rongo University
Contact us: librarian | system librarian | Rongo university